Tratado metódico de matemáticas elementales
সংরক্ষণ করুন:
| প্রধান লেখক: | |
|---|---|
| বিন্যাস: | গ্রন্থ |
| ভাষা: | স্প্যানিশ |
| প্রকাশিত: |
Barcelona
Labor
1936
|
| সংস্করন: | 3a. ed |
| বিষয়গুলি: | |
| ট্যাগগুলো: |
ট্যাগ যুক্ত করুন
কোনো ট্যাগ নেই, প্রথমজন হিসাবে ট্যাগ করুন!
|
MARC
| LEADER | 00000nam a2200000 a 4500 | ||
|---|---|---|---|
| 001 | UCT3292 | ||
| 003 | CL-VaPUC | ||
| 008 | 961018e19360000SP |||||||||||||||||spa|d | ||
| 082 | 0 | 4 | |a 510 |b HOL |2 21 |
| 100 | |a Holzmüller, Gustavo |e author |9 372212 | ||
| 245 | 1 | 0 | |a Tratado metódico de matemáticas elementales |
| 250 | |a 3a. ed | ||
| 300 | |a 2 v | ||
| 942 | |c BK | ||
| 945 | |d 19961018 00:00:00 |a lriquelm | ||
| 260 | |a Barcelona |b Labor |c 1936 | ||
| 650 | 0 | |a Matemática |9 260235 | |
| 650 | 0 | |a Geometría |9 264063 | |
| 650 | 0 | |a Aritmética |9 270049 | |
| 650 | 0 | |a Trigonometría |9 259568 | |
| 583 | |a last modification |c 19961018 00:00:00 |k Rodrigo Vera | ||
| 999 | |c 252996 |d 252994 | ||